Statistiques concernant Les 10 meilleurs buteurs de l'histoire en sélection

Cliquez ici pour prendre le quiz!

Statistiques générales

  • Ce quiz a été pris 203 fois
  • Le résultat moyen est 5 sur 10

Statistiques - réponses

HintRéponse% Correct
122 butsRonaldo
100%
109 butsMessi
98%
77 butsPelé
76%
77 butsNeymar
67%
68 butsGerd Müller
47%
84 butsFerenc Puskás
29%
71 butsMiroslav Klose
28%
72 butsLukaku
14%
75 butsSándor Kocsis
2%
78 butsLewandoswski
0%

Distribution des résultats

Percentile par nombre de réponses

% des personnes avec chaque résultat

Votre développement - résultats

Vous n’avez pas pris ce quiz